A. WESLEY POWELL LEARNING RESOURCE CENTRE (WPLRC)

Wonderful Place to Learn, Research & Collaborate

The Work oh WHO 1990 -1991 Biennial Report of the Director - General (Record no. 15786)

MARC details
000 -LEADER
fixed length control field nam a22 4500
001 - ACCESSION NUMBER
control field 0
003 - CONTROL NUMBER IDENTIFIER
control field 0
005 - DATE AND TIME OF LATEST TRANSACTION
control field 20210225092900.0
007 - PHYSICAL DESCRIPTION FIXED FIELD--GENERAL INFORMATION
fixed length control field 0
008 - FIXED-LENGTH DATA ELEMENTS--GENERAL INFORMATION
fixed length control field 0
020 ## - INTERNATIONAL STANDARD BOOK NUMBER
International Standard Book Number 9241561491
040 ## - CATALOGING SOURCE
Transcribing agency 0
050 ## - LIBRARY OF CONGRESS CALL NUMBER
Classification number R/060 BIE
Item number 21925
100 ## - MAIN ENTRY--PERSONAL NAME
Dates associated with a name February 25, 2021
245 ## - TITLE STATEMENT
Title The Work oh WHO 1990 -1991 Biennial Report of the Director - General
260 ## - PUBLICATION, DISTRIBUTION, ETC. (IMPRINT)
Place of publication, distribution, etc. Switzerland
Name of publisher, distributor, etc. World Health Organization
Date of publication, distribution, etc. 1992
300 ## - PHYSICAL DESCRIPTION
Extent 29
942 ## - ADDED ENTRY ELEMENTS (KOHA)
Source of classification or shelving scheme Dewey Decimal Classification
Koha item type Circ Books
Classification part R/060 BIE
Item part 21925
Holdings
Withdrawn status Lost status Source of classification or shelving scheme Damaged status Not for loan Home library Current library Date acquired Total Checkouts Full call number Barcode Date last seen Price effective from Koha item type
    Dewey Decimal Classification     Wesley Powell Learning Resource Centre Wesley Powell Learning Resource Centre 02/25/2021   R/060 BIE 9241561491 02/25/2021 02/25/2021 Circ Books